[Event "First Saturday Tournaments GM 11/2012"]
[Site "Budapest"]
[Date "2012.11.03"]
[Round "1.1"]
[White "Hagen, Andreas Skytte"]
[Black "Arngrimsson, Dagur"]
[Result "1/2-1/2"]
[WhiteElo "2418"]
[BlackElo "2386"]
[PlyCount "82"]
[EventDate "2012.11.03"]

1. Nf3 Nf6 2. c4 c6 3. d4 d5 4. e3 Bf5 5. Nc3 e6 6. Nh4 Bg6 7. Nxg6 hxg6 8. g3
Nbd7 9. Qe2 Bb4 10. Bd2 Bxc3 11. Bxc3 Ne4 12. Rc1 Ndf6 13. Bg2 g5 14. f3 Nxc3
15. Rxc3 dxc4 16. Qxc4 Nd5 17. Rd3 Qc7 18. O-O O-O-O 19. e4 Nb6 20. Qc5 Rh5 21.
e5 Rdh8 22. h3 Kb8 23. Kf2 f5 24. exf6 gxf6 25. Qc2 Nd5 26. Qe2 e5 27. dxe5
Qb6+ 28. Ke1 fxe5 29. a3 R5h7 30. Kd1 Re7 31. Kc1 Nf6 32. Rfd1 Nh5 33. Qe1 Rhe8
34. Kb1 a6 35. R1d2 Nf6 36. Ka1 Qc7 37. Re3 Nd5 38. Re4 Nf6 39. Re3 Nd5 40. Re4
Nf6 41. Re3 Nd5 1/2-1/2

[Event "First Saturday Tournaments GM 11/2012"]
[Site "Budapest"]
[Date "2012.11.03"]
[Round "1.2"]
[White "Bakre, Tejas"]
[Black "Kharous, Ernest"]
[Result "1-0"]
[WhiteElo "2481"]
[BlackElo "2367"]
[PlyCount "58"]
[EventDate "2012.11.03"]

1. c4 f5 2. g3 Nf6 3. Bg2 g6 4. Nc3 Bg7 5. d3 c6 6. e4 d6 7. exf5 Bxf5 8. Nge2
Na6 9. O-O O-O 10. h3 e5 11. d4 Qb6 12. c5 dxc5 13. dxe5 Rad8 14. Qb3+ Qxb3 15.
axb3 Nd5 16. f4 Bd3 17. Rf2 Nab4 18. Rxa7 Ba6 19. Be4 Nxc3 20. bxc3 Nd3 21.
Bxd3 Rxd3 22. Ba3 Rd1+ 23. Kg2 Bd3 24. Ng1 Be4+ 25. Nf3 Bxe5 26. Bxc5 Rf7 27.
fxe5 Rd3 28. e6 Rfxf3 29. Rxf3 Rxf3 1-0

[Event "First Saturday Tournaments GM 11/2012"]
[Site "Budapest"]
[Date "2012.11.03"]
[Round "1.3"]
[White "Varga, Zoltan"]
[Black "Szabo, Krisztian"]
[Result "1/2-1/2"]
[WhiteElo "2456"]
[BlackElo "2541"]
[PlyCount "35"]
[EventDate "2012.11.03"]

1. d4 Nf6 2. c4 e6 3. Nc3 Bb4 4. Qc2 O-O 5. a3 Bxc3+ 6. Qxc3 d5 7. Nf3 dxc4 8.
Qxc4 b6 9. Bg5 Ba6 10. Qa4 c5 11. dxc5 bxc5 12. Rd1 Qb6 13. Bxf6 gxf6 14. Qg4+
Kh8 15. Rd2 Nc6 16. Qh4 Kg7 17. Qg4+ Kh8 18. Qh4 1/2-1/2

[Event "First Saturday Tournaments GM 11/2012"]
[Site "Budapest"]
[Date "2012.11.05"]
[Round "2.2"]
[White "Arngrimsson, Dagur"]
[Black "Bakre, Tejas"]
[Result "0-1"]
[WhiteElo "2386"]
[BlackElo "2481"]
[PlyCount "54"]
[EventDate "2012.11.03"]

1. d4 d5 2. c4 c6 3. Nf3 Nf6 4. Nc3 dxc4 5. a4 Bf5 6. Ne5 e6 7. f3 Bb4 8. Kf2
c5 9. e4 Bxc3 10. bxc3 Bxe4 11. Ba3 Bd5 12. Bxc5 Nfd7 13. Nxd7 Nxd7 14. Ba3 f5
15. Qd2 Kf7 16. Be2 Qc7 17. g3 Nf6 18. Rhb1 Rag8 19. Rb5 b6 20. Rab1 g5 21. a5
h5 22. axb6 axb6 23. Rxb6 h4 24. Bd6 hxg3+ 25. hxg3 Rh2+ 26. Kg1 Rgh8 27. Bxc7
Ng4 0-1

[Event "First Saturday Tournaments GM 11/2012"]
[Site "Budapest"]
[Date "2012.11.05"]
[Round "2.3"]
[White "Gledura, Benjamin"]
[Black "Hagen, Andreas Skytte"]
[Result "1-0"]
[WhiteElo "2336"]
[BlackElo "2418"]
[PlyCount "75"]
[EventDate "2012.11.03"]

1. e4 c5 2. Nf3 d6 3. d4 cxd4 4. Nxd4 Nf6 5. Nc3 a6 6. Qe2 e6 7. g4 Be7 8. Bg2
Qb6 9. Nb3 h6 10. Be3 Qc7 11. O-O-O Nbd7 12. f4 Rb8 13. Ba7 Ra8 14. Be3 Rb8 15.
h4 h5 16. g5 Ng4 17. Ba7 Ra8 18. Bd4 Rg8 19. Bf3 b5 20. a3 Nc5 21. Bxg4 hxg4
22. h5 Nxb3+ 23. cxb3 e5 24. Be3 Be6 25. Qc2 exf4 26. Bxf4 Qd8 27. Kb1 Rc8 28.
h6 Bxg5 29. h7 Rh8 30. Bxd6 Qb6 31. Be5 Bf6 32. Bxf6 gxf6 33. Qd2 Ke7 34. e5
Qc6 35. exf6+ Kxf6 36. Rh6+ Ke7 37. Qg5+ Ke8 38. Qf6 1-0

[Event "First Saturday Tournaments GM 11/2012"]
[Site "Budapest"]
[Date "2012.11.06"]
[Round "3.1"]
[White "Bakre, Tejas"]
[Black "Gledura, Benjamin"]
[Result "1/2-1/2"]
[WhiteElo "2481"]
[BlackElo "2336"]
[PlyCount "58"]
[EventDate "2012.11.03"]

1. d4 Nf6 2. Nf3 g6 3. Nbd2 d5 4. e3 Bg7 5. b4 O-O 6. c4 b6 7. Be2 c5 8. bxc5
bxc5 9. Bb2 cxd4 10. Nxd4 Bb7 11. O-O Nc6 12. N4b3 Rc8 13. Rc1 Na5 14. Nxa5
Qxa5 15. Bc3 Qa3 16. Qb3 Qxb3 17. axb3 dxc4 18. bxc4 Ne4 19. Bxg7 Kxg7 20. Nxe4
Bxe4 21. Ra1 Rc7 22. Ra3 Rb8 23. Rfa1 Rb1+ 24. Rxb1 Bxb1 25. Kf1 Bf5 26. Ke1
Rb7 27. Bf3 Rc7 28. Be2 Rb7 29. Bf3 Rc7 1/2-1/2

[Event "First Saturday Tournaments GM 11/2012"]
[Site "Budapest"]
[Date "2012.11.06"]
[Round "3.2"]
[White "Varga, Zoltan"]
[Black "Arngrimsson, Dagur"]
[Result "1-0"]
[WhiteElo "2456"]
[BlackElo "2386"]
[PlyCount "47"]
[EventDate "2012.11.03"]

1. e4 e5 2. Nf3 Nc6 3. Bb5 a6 4. Ba4 Nf6 5. d3 b5 6. Bb3 Be7 7. a4 Bb7 8. O-O
O-O 9. Nc3 b4 10. Nd5 Na5 11. Nxe7+ Qxe7 12. Ba2 d5 13. exd5 Bxd5 14. Re1 Bxa2
15. Rxe5 Be6 16. Rxa5 c5 17. d4 cxd4 18. Bg5 Qc7 19. Re5 Rac8 20. Qxd4 Qxc2 21.
Bxf6 gxf6 22. Re3 Kg7 23. Rae1 Qf5 24. Qxb4 1-0

[Event "First Saturday Tournaments GM 11/2012"]
[Site "Budapest"]
[Date "2012.11.06"]
[Round "3.3"]
[White "Szabo, Krisztian"]
[Black "Kharous, Ernest"]
[Result "1-0"]
[WhiteElo "2541"]
[BlackElo "2367"]
[PlyCount "116"]
[EventDate "2012.11.03"]

1. e4 e5 2. Nf3 Nc6 3. Bb5 f5 4. Nc3 fxe4 5. Nxe4 Nf6 6. Nxf6+ Qxf6 7. Qe2 Be7
8. Bxc6 bxc6 9. Nxe5 O-O 10. O-O Qe6 11. Re1 Bc5 12. Nf3 Qxe2 13. Rxe2 d5 14.
d4 Bd6 15. Re1 Bf5 16. c3 c5 17. dxc5 Bxc5 18. Be3 Bd6 19. Nd4 Bd7 20. Nb3 Rfb8
21. Re2 a5 22. Rd2 Be6 23. Re1 Kf7 24. Nc5 Bxc5 25. Bxc5 Re8 26. Rde2 a4 27.
Re3 Rab8 28. R1e2 h6 29. h4 d4 30. Bxd4 Bxa2 31. Rf3+ Kg8 32. Rxe8+ Rxe8 33.
Rg3 Re7 34. h5 Bc4 35. Rg4 Bb3 36. f3 Bc2 37. Kf2 Bf5 38. Rf4 Bd3 39. Be3 Bb5
40. Rf5 Be8 41. Rc5 c6 42. Ra5 Rb7 43. Bc1 Rb5 44. Ra8 Kf8 45. g4 c5 46. Rxa4
Rxb2+ 47. Bxb2 Bxa4 48. Ba3 Kf7 49. Bxc5 Bb5 50. f4 Ba4 51. Bd4 Bd1 52. Kg3 Be2
53. Kh4 Kf8 54. f5 Bd3 55. Be3 Kf7 56. g5 hxg5+ 57. Kxg5 Be4 58. Bd4 Bc2 1-0

[Event "First Saturday Tournaments GM 11/2012"]
[Site "Budapest"]
[Date "2012.11.07"]
[Round "4.1"]
[White "Arngrimsson, Dagur"]
[Black "Szabo, Krisztian"]
[Result "0-1"]
[WhiteElo "2386"]
[BlackElo "2541"]
[PlyCount "54"]
[EventDate "2012.11.03"]

1. d4 Nf6 2. c4 g6 3. Nc3 Bg7 4. Nf3 O-O 5. e4 d6 6. Be2 e5 7. O-O Nc6 8. d5
Ne7 9. Ne1 Ne8 10. Be3 f5 11. f3 f4 12. Bf2 h5 13. Nd3 g5 14. b4 Nf6 15. Rc1
Ng6 16. c5 g4 17. Kh1 g3 18. Bg1 Rf7 19. Qb3 gxh2 20. Bf2 h4 21. Rfd1 Nh5 22.
Bf1 h3 23. gxh3 Ng3+ 24. Bxg3 fxg3 25. Rc2 Nf4 26. Nxf4 Rxf4 27. Bg2 Qf6 0-1

[Event "First Saturday Tournaments GM 11/2012"]
[Site "Budapest"]
[Date "2012.11.07"]
[Round "4.3"]
[White "Hagen, Andreas Skytte"]
[Black "Bakre, Tejas"]
[Result "1/2-1/2"]
[WhiteElo "2418"]
[BlackElo "2481"]
[PlyCount "77"]
[EventDate "2012.11.03"]

1. e4 c5 2. Nf3 d6 3. d4 cxd4 4. Nxd4 Nf6 5. Nc3 g6 6. Be3 Bg7 7. f3 O-O 8. Qd2
Nc6 9. Bc4 Nxd4 10. Bxd4 Be6 11. Bxe6 fxe6 12. O-O-O Qa5 13. Kb1 Rac8 14. Rhe1
Rc4 15. Bxf6 Bxf6 16. Nd5 Qxd2 17. Nxf6+ Rxf6 18. Rxd2 e5 19. Rd3 g5 20. h3 h5
21. b3 Rc8 22. Ree3 Rff8 23. Rc3 Kf7 24. Kb2 Ke6 25. Rxc8 Rxc8 26. Rc3 Rxc3 27.
Kxc3 h4 28. Kc4 Kd7 29. Kb5 e6 30. Kc4 Kc6 31. Kb4 d5 32. Kc3 a5 33. Kd3 d4 34.
a3 Kc5 35. Kd2 a4 36. Kd3 axb3 37. cxb3 Kb5 38. Kd2 Kc5 39. Kd3 1/2-1/2

[Event "First Saturday Tournaments GM 11/2012"]
[Site "Budapest"]
[Date "2012.11.07"]
[Round "5.2"]
[White "Szabo, Krisztian"]
[Black "Gledura, Benjamin"]
[Result "1/2-1/2"]
[WhiteElo "2541"]
[BlackElo "2336"]
[PlyCount "85"]
[EventDate "2012.11.03"]

1. e4 c6 2. c4 d5 3. exd5 cxd5 4. cxd5 Nf6 5. Nc3 Nxd5 6. Nf3 Nxc3 7. bxc3 g6
8. Bb5+ Bd7 9. a4 Bg7 10. O-O O-O 11. Re1 Nc6 12. Ba3 Re8 13. d4 Rc8 14. Ng5 a6
15. Bf1 Qa5 16. Ne4 Bf5 17. Qb3 Qc7 18. Bc5 Bxe4 19. Rxe4 Qd7 20. Rae1 e5 21.
dxe5 Rxe5 22. Rxe5 Nxe5 23. Bd4 Nc6 24. Bb6 Bf6 25. Rd1 Qe7 26. h3 Ne5 27. Bd4
Rc7 28. Qb6 Rc6 29. Qa7 Rc7 30. Rb1 Kg7 31. Qb6 Rd7 32. Bc5 Qd8 33. Qxd8 Bxd8
34. g3 Bf6 35. Bg2 Nd3 36. Be3 b5 37. axb5 axb5 38. Rb3 Nc1 39. Rxb5 Ne2+ 40.
Kh2 Nxc3 41. Rb3 Nd1 42. Bc5 Rc7 43. Bb6 1/2-1/2

[Event "First Saturday Tournaments GM 11/2012"]
[Site "Budapest"]
[Date "2012.11.07"]
[Round "5.3"]
[White "Kharous, Ernest"]
[Black "Arngrimsson, Dagur"]
[Result "0-1"]
[WhiteElo "2367"]
[BlackElo "2386"]
[PlyCount "88"]
[EventDate "2012.11.03"]

1. d4 d5 2. Nf3 Nf6 3. c4 c6 4. Nc3 dxc4 5. a4 Bf5 6. Ne5 Nbd7 7. Nxc4 Nb6 8.
Ne5 a5 9. h3 e6 10. g4 Be4 11. Nxe4 Nxe4 12. Bg2 Bb4+ 13. Kf1 Nf6 14. Bg5 h6
15. Bh4 g5 16. Bg3 h5 17. e3 Qe7 18. Rc1 Rd8 19. Bf3 h4 20. Bh2 O-O 21. Qc2
Nfd7 22. Nd3 Nd5 23. e4 N5b6 24. Qb3 Bd6 25. e5 Bb4 26. Kg2 Nb8 27. Nxb4 axb4
28. Rhd1 Na6 29. Be4 Nd5 30. Bb1 f5 31. gxf5 exf5 32. Kh1 Nac7 33. f4 Ne6 34.
fxg5 Kf7 35. Bxf5 Ke8 36. Bxe6 Qxe6 37. Rf1 Kd7 38. Qd3 Ne7 39. Rf6 Qd5+ 40.
Kg1 Rxf6 41. exf6 Qxg5+ 42. Kf2 Qxc1 43. Qe2 Nf5 44. d5 Qc5+ 0-1

[Event "First Saturday Tournaments GM 11/2012"]
[Site "Budapest"]
[Date "2012.11.08"]
[Round "6.1"]
[White "Gledura, Benjamin"]
[Black "Kharous, Ernest"]
[Result "1-0"]
[WhiteElo "2336"]
[BlackElo "2367"]
[PlyCount "139"]
[EventDate "2012.11.03"]

1. e4 e5 2. Nf3 d6 3. d4 Nf6 4. dxe5 Nxe4 5. Be3 d5 6. Bd3 Nc5 7. Be2 Be7 8.
O-O Bg4 9. h3 Bh5 10. Nd4 Bxe2 11. Qxe2 Qd7 12. c4 Nc6 13. Nxc6 bxc6 14. Nc3 d4
15. Rad1 Ne6 16. Qg4 c5 17. Bc1 O-O 18. f4 f5 19. exf6 Bxf6 20. Ne4 Qc6 21. f5
Nd8 22. Rde1 Nf7 23. Nxf6+ Qxf6 24. Re6 Qd8 25. Rf3 d3 26. Rg3 Qd4+ 27. Qxd4
cxd4 28. Rxd3 c5 29. Rd1 Rad8 30. Bf4 Rc8 31. g4 Nd8 32. Re5 Nf7 33. Re7 a5 34.
Rde1 a4 35. Ra7 Rfe8 36. Re6 h6 37. Kf2 Rxe6 38. fxe6 Nd8 39. e7 Ne6 40. Bd6
Ng5 41. Rd7 Re8 42. Bc7 Ne4+ 43. Kf3 Nd2+ 44. Ke2 Nxc4 45. b3 axb3 46. axb3 Ne3
47. Bd8 Kf7 48. Rd6 Ng2 49. Kf3 Nh4+ 50. Ke4 Ng6 51. Kd5 Nxe7+ 52. Kxc5 h5 53.
Rxd4 hxg4 54. hxg4 Ng6 55. Bc7 Nf8 56. Kc6 Ne6 57. Rd7+ Kf6 58. b4 Nxc7 59. g5+
Kg6 60. Rxc7 Re5 61. b5 Rxg5 62. b6 Rg1 63. b7 Rc1+ 64. Kd6 Rb1 65. Kc5 Kf6 66.
Rc6+ Ke5 67. Rb6 Rc1+ 68. Kb5 Rb1+ 69. Kc6 Rc1+ 70. Kd7 1-0

[Event "First Saturday Tournaments GM 11/2012"]
[Site "Budapest"]
[Date "2012.11.08"]
[Round "6.2"]
[White "Hagen, Andreas Skytte"]
[Black "Szabo, Krisztian"]
[Result "0-1"]
[WhiteElo "2418"]
[BlackElo "2541"]
[PlyCount "64"]
[EventDate "2012.11.03"]

1. d4 Nf6 2. c4 g6 3. Nc3 Bg7 4. e4 d6 5. Nf3 O-O 6. Be2 e5 7. O-O Nc6 8. d5
Ne7 9. b4 Ne8 10. c5 f5 11. Nd2 Nf6 12. a4 g5 13. Nc4 h6 14. f3 f4 15. Ba3 Ng6
16. b5 dxc5 17. Bxc5 Rf7 18. Kh1 Bf8 19. Bg1 h5 20. a5 g4 21. b6 g3 22. Nb5 Nh4
23. hxg3 fxg3 24. Nxe5 Bh3 25. gxh3 Qc8 26. Ng4 g2+ 27. Kh2 gxf1=N+ 28. Qxf1
hxg4 29. hxg4 Nxg4+ 30. Kg3 Bh6 31. Kxh4 Bf4 32. Kh5 Rh7+ 0-1

[Event "First Saturday Tournaments GM 11/2012"]
[Site "Budapest"]
[Date "2012.11.09"]
[Round "7.2"]
[White "Kharous, Ernest"]
[Black "Hagen, Andreas Skytte"]
[Result "1-0"]
[WhiteElo "2367"]
[BlackElo "2418"]
[PlyCount "49"]
[EventDate "2012.11.03"]

1. e4 c5 2. Nc3 d6 3. f4 g6 4. Nf3 Bg7 5. Bc4 Nc6 6. O-O Nf6 7. d3 O-O 8. Qe1
Nd4 9. Nxd4 cxd4 10. Nd5 Nxd5 11. Bxd5 e6 12. Bb3 d5 13. e5 a5 14. a4 f6 15.
Bd2 fxe5 16. fxe5 Rxf1+ 17. Kxf1 Qc7 18. Bf4 Bd7 19. Kg1 Rf8 20. Qd2 Bc6 21.
Bg3 Rf5 22. Re1 b6 23. c3 Bxe5 24. Rxe5 Rxe5 25. cxd4 1-0

[Event "First Saturday Tournaments GM 11/2012"]
[Site "Budapest"]
[Date "2012.11.09"]
[Round "7.3"]
[White "Arngrimsson, Dagur"]
[Black "Gledura, Benjamin"]
[Result "1/2-1/2"]
[WhiteElo "2386"]
[BlackElo "2336"]
[PlyCount "52"]
[EventDate "2012.11.03"]

1. d4 Nf6 2. Nf3 g6 3. g3 Bg7 4. Bg2 d5 5. O-O O-O 6. Ne5 Nbd7 7. c4 c5 8. Nxd7
Nxd7 9. dxc5 dxc4 10. Qa4 Qc7 11. Nc3 Bxc3 12. bxc3 Nxc5 13. Qxc4 Be6 14. Qh4
f6 15. Bf4 Qa5 16. Be3 Rac8 17. Qb4 Qc7 18. Bxc5 Qxc5 19. Qxb7 Rc7 20. Qe4 Kf7
21. Rfc1 Rfc8 22. a3 Qc4 23. Qe3 Qb3 24. Qh6 Kg8 25. Qe3 Kf7 26. Qh6 Kg8
1/2-1/2

[Event "First Saturday Tournaments GM 11/2012"]
[Site "Budapest"]
[Date "2012.11.09"]
[Round "8.1"]
[White "Arngrimsson, Dagur"]
[Black "Hagen, Andreas Skytte"]
[Result "1/2-1/2"]
[WhiteElo "2386"]
[BlackElo "2418"]
[PlyCount "71"]
[EventDate "2012.11.03"]

1. d4 Nf6 2. c4 g6 3. Nc3 Bg7 4. Nf3 O-O 5. Bf4 d6 6. e3 Nbd7 7. Be2 b6 8. h3
Bb7 9. O-O Ne4 10. Nxe4 Bxe4 11. Bd3 Bb7 12. e4 e5 13. Bg5 Qe8 14. d5 f5 15.
Bc1 Nc5 16. Bc2 a5 17. Be3 Bc8 18. Nd2 f4 19. Bxc5 bxc5 20. f3 g5 21. Kf2 h5
22. Ke2 Bd7 23. a4 Bf6 24. Kd3 Qg6 25. Rh1 Kf7 26. Qe2 Rh8 27. Rh2 g4 28. hxg4
hxg4 29. Rah1 Rxh2 30. Rxh2 Rb8 31. Kc3 Rb4 32. fxg4 Bxg4 33. Nf3 Rb8 34. Bd1
Rh8 35. Rxh8 Bxh8 36. Ng5+ 1/2-1/2

[Event "First Saturday Tournaments GM 11/2012"]
[Site "Budapest"]
[Date "2012.11.09"]
[Round "8.2"]
[White "Kharous, Ernest"]
[Black "Bakre, Tejas"]
[Result "1/2-1/2"]
[WhiteElo "2367"]
[BlackElo "2481"]
[PlyCount "24"]
[EventDate "2012.11.03"]

1. e4 e5 2. Nf3 Nc6 3. Bb5 a6 4. Ba4 Nf6 5. d4 exd4 6. O-O Be7 7. e5 Ne4 8. Re1
Nc5 9. Bxc6 dxc6 10. Qxd4 Bf5 11. Na3 Bg6 12. Be3 Ne6 1/2-1/2

[Event "First Saturday Tournaments GM 11/2012"]
[Site "Budapest"]
[Date "2012.11.10"]
[Round "9.1"]
[White "Varga, Zoltan"]
[Black "Kharous, Ernest"]
[Result "0-1"]
[WhiteElo "2456"]
[BlackElo "2367"]
[PlyCount "108"]
[EventDate "2012.11.03"]

1. e4 d6 2. d4 Nf6 3. f3 Nbd7 4. c4 e5 5. Be3 Be7 6. Nc3 O-O 7. Nh3 c6 8. d5 h6
9. Qd2 Nh7 10. Nf2 Nc5 11. b4 Na6 12. dxc6 bxc6 13. a3 Nc7 14. Be2 Bg5 15. Bxg5
Nxg5 16. Rd1 Nge6 17. Qxd6 Qxd6 18. Rxd6 Nd4 19. f4 Ne8 20. Rd8 Ne6 21. Rd2
Nxf4 22. Nd3 Nxd3+ 23. Bxd3 Nc7 24. Kf2 Rd8 25. Rhd1 Kf8 26. Bc2 Rxd2+ 27. Rxd2
Ke7 28. Ba4 Bd7 29. c5 a6 30. Ke3 Nb5 31. Bxb5 axb5 32. Rd3 Be6 33. Nd1 g6 34.
g3 f5 35. exf5 gxf5 36. Nf2 Bd5 37. Rc3 Ke6 38. Nd3 h5 39. Nf2 h4 40. Kd2 hxg3
41. hxg3 Rh8 42. Re3 Rh2 43. Ke1 Kf6 44. Kf1 Rh8 45. Ke1 Ra8 46. Nh3 Be4 47.
Nf2 Rd8 48. g4 f4 49. Rh3 Bd5 50. Rh6+ Kg7 51. Rd6 Ra8 52. Nd3 Rxa3 53. Kd2
Ra2+ 54. Ke1 f3 0-1

[Event "First Saturday Tournaments GM 11/2012"]
[Site "Budapest"]
[Date "2012.11.10"]
[Round "9.2"]
[White "Bakre, Tejas"]
[Black "Arngrimsson, Dagur"]
[Result "1/2-1/2"]
[WhiteElo "2481"]
[BlackElo "2386"]
[PlyCount "54"]
[EventDate "2012.11.03"]

1. d4 d5 2. c4 c6 3. Nf3 Nf6 4. Nc3 dxc4 5. a4 Bf5 6. e3 e6 7. Bxc4 Bb4 8. O-O
O-O 9. Qe2 Nbd7 10. Ne5 Nb6 11. e4 Bg6 12. Nxg6 hxg6 13. e5 Qxd4 14. Bxe6 Rfe8
15. Rd1 Qc5 16. exf6 Rxe6 17. Be3 Bxc3 18. Bxc5 Rxe2 19. bxc3 gxf6 20. Bd4 Kg7
21. g4 g5 22. Rdb1 Re7 23. Bxb6 axb6 24. Rxb6 Ra5 25. h3 f5 26. Kg2 Kg6 27.
gxf5+ Kxf5 1/2-1/2

[Event "First Saturday Tournaments GM 11/2012"]
[Site "Budapest"]
[Date "2012.11.10"]
[Round "9.3"]
[White "Hagen, Andreas Skytte"]
[Black "Gledura, Benjamin"]
[Result "1-0"]
[WhiteElo "2418"]
[BlackElo "2336"]
[PlyCount "93"]
[EventDate "2012.11.03"]

1. c4 e6 2. g3 Nf6 3. Bg2 d5 4. Nf3 dxc4 5. Na3 Bxa3 6. bxa3 O-O 7. Bb2 Nd5 8.
Rc1 b5 9. d3 c3 10. Bxc3 Nxc3 11. Rxc3 Bb7 12. Qb3 a6 13. Qc2 Qd6 14. O-O a5
15. Nd2 Bxg2 16. Kxg2 c6 17. Ne4 Qe7 18. Rc1 h6 19. Qb3 Ra7 20. Nc5 a4 21. Qb4
Rd8 22. Qf4 Qd6 23. Qxd6 Rxd6 24. f4 Kf8 25. e3 Rc7 26. d4 Ke7 27. Kf3 Rd8 28.
Nd3 Rdc8 29. Nb4 Kd6 30. e4 Ke7 31. Ke3 Kd6 32. Rc5 f5 33. exf5 Nd7 34. Na6 Ra7
35. fxe6 Nxc5 36. Nxc5 Rb8 37. f5 b4 38. Ne4+ Ke7 39. axb4 Rf8 40. g4 h5 41.
Rxc6 hxg4 42. Kf4 Rd8 43. Ke5 Rb7 44. a3 Rh8 45. d5 Rxh2 46. d6+ Kd8 47. e7+
1-0

[Event "First Saturday Tournaments GM 11/2012"]
[Site "Budapest"]
[Date "2012.11.11"]
[Round "10.2"]
[White "Arngrimsson, Dagur"]
[Black "Varga, Zoltan"]
[Result "1/2-1/2"]
[WhiteElo "2386"]
[BlackElo "2456"]
[PlyCount "48"]
[EventDate "2012.11.03"]

1. d4 d5 2. c4 c6 3. Nf3 dxc4 4. e3 Be6 5. Nc3 Nf6 6. Ng5 Bd5 7. e4 h6 8. exd5
hxg5 9. dxc6 Nxc6 10. d5 Ne5 11. Bxg5 Qb6 12. Bxc4 Qxb2 13. Bb5+ Kd8 14. Rc1
Ne4 15. Nxe4 Qxb5 16. Qe2 a6 17. Nc5 Nd7 18. Qxb5 axb5 19. Nxb7+ Ke8 20. O-O
Rh5 21. Rfe1 f6 22. Nd6+ Kd8 23. Nb7+ Ke8 24. Nd6+ Kd8 1/2-1/2

[Event "First Saturday Tournaments GM 11/2012"]
[Site "Budapest"]
[Date "2012.11.11"]
[Round "10.3"]
[White "Kharous, Ernest"]
[Black "Szabo, Krisztian"]
[Result "0-1"]
[WhiteElo "2367"]
[BlackElo "2541"]
[PlyCount "100"]
[EventDate "2012.11.03"]

1. f4 g6 2. Nf3 Bg7 3. e4 c5 4. d3 Nc6 5. c3 e6 6. Be3 d6 7. g3 Nge7 8. Bg2 O-O
9. O-O f5 10. Nbd2 b6 11. Nc4 e5 12. Qb3 Kh8 13. Rae1 Be6 14. Qa4 Rb8 15. Ncd2
Qc7 16. Qc2 Qd7 17. a3 Rbc8 18. Qb1 Rcd8 19. c4 Nd4 20. Bxd4 exd4 21. Re2 fxe4
22. dxe4 b5 23. b3 bxc4 24. bxc4 Qa4 25. Qd3 Qa5 26. Rc1 Rb8 27. Ng5 Bg4 28.
Rf2 Rb2 29. h3 Bd7 30. h4 Ra2 31. Nb1 Rxf2 32. Kxf2 h6 33. Nf3 Rb8 34. Nfd2 Ng8
35. Bf3 Nf6 36. Qe2 h5 37. f5 gxf5 38. Bxh5 d3 39. Qf3 Rb2 40. Kg1 Rxd2 41.
exf5 Rc2 42. Rf1 Qa6 43. Qxd3 Qxc4 44. Qxd6 Nxh5 45. f6 Qd4+ 46. Qxd4 cxd4 47.
fxg7+ Kxg7 48. Re1 Bc6 49. Re7+ Kf6 50. Rh7 Nxg3 0-1

[Event "First Saturday Tournaments GM 11/2012"]
[Site "Budapest"]
[Date "2012.11.11"]
[Round "11.1"]
[White "Szabo, Krisztian"]
[Black "Arngrimsson, Dagur"]
[Result "1/2-1/2"]
[WhiteElo "2541"]
[BlackElo "2386"]
[PlyCount "55"]
[EventDate "2012.11.03"]

1. e4 c5 2. Nf3 d6 3. d4 cxd4 4. Nxd4 Nf6 5. Nc3 g6 6. Be3 Bg7 7. f3 O-O 8. Qd2
Nc6 9. Bc4 Bd7 10. O-O-O Rc8 11. Bb3 Nxd4 12. Bxd4 b5 13. Nd5 Nxd5 14. Bxg7
Kxg7 15. exd5 a5 16. a3 Kg8 17. h4 b4 18. axb4 axb4 19. Qd4 Qa5 20. h5 Bf5 21.
Kd2 Rc5 22. hxg6 Bxg6 23. Ke3 Rfc8 24. Rh4 f6 25. Rdh1 Qa7 26. Rg4 Kf7 27. Rgh4
Kg8 28. Rg4 1/2-1/2

[Event "First Saturday Tournaments GM 11/2012"]
[Site "Budapest"]
[Date "2012.11.11"]
[Round "11.2"]
[White "Varga, Zoltan"]
[Black "Gledura, Benjamin"]
[Result "1/2-1/2"]
[WhiteElo "2456"]
[BlackElo "2336"]
[PlyCount "27"]
[EventDate "2012.11.03"]

1. d4 Nf6 2. Nf3 g6 3. g3 Bg7 4. Bg2 O-O 5. O-O d5 6. c4 dxc4 7. Na3 c3 8. bxc3
c5 9. Qb3 Nc6 10. Rd1 Na5 11. Qb2 Be6 12. Ng5 Bg4 13. h3 Bd7 14. dxc5 1/2-1/2

[Event "First Saturday Tournaments GM 11/2012"]
[Site "Budapest"]
[Date "2012.11.11"]
[Round "11.3"]
[White "Bakre, Tejas"]
[Black "Hagen, Andreas Skytte"]
[Result "1/2-1/2"]
[WhiteElo "2481"]
[BlackElo "2418"]
[PlyCount "29"]
[EventDate "2012.11.03"]

1. d4 d5 2. c4 e6 3. Nc3 Be7 4. Nf3 Nf6 5. Bg5 h6 6. Bh4 O-O 7. e3 Ne4 8. Bxe7
Qxe7 9. Qc2 Nxc3 10. Qxc3 dxc4 11. Bxc4 b6 12. O-O Bb7 13. Be2 c5 14. dxc5 Rc8
15. b4 1/2-1/2